00533nam a22001337a 4500008004100000082001600041100006300057245013100120260001800251300000800269942001200277999001500289952009500304230619b xxu||||| |||| 00| 0 eng d a303.69bBRO cMaria Brockhaus, Tanja Pickardt, Barbara Rischkowskyd2003 aMediation in a Changing Landscape:bSuccess and failure in managing conflicts over natural resources in Southwest Burkina Faso aGermanyc2003 a35p 2ddccBK c1308d1308 00102ddc4070a002b002d2023-06-19l0o303.69 BROp10010695r2023-06-19w2023-06-19yBK